Statistics for Starting Lyrics For Popular Songs

Click here to take the quiz!

General Stats

  • This quiz has been taken 100 times
  • The average score is 9 of 35

Answer Stats

LyricsSong% Correct
"You are, my fire / My one, desire"I Want it That Way
78%
"Somebody once told me the world is gonna roll me"All Star
65%
"Just a small town girl, living in a lonely world"Don't Stop Believin
62%
"We're no strangers to love, You know the rules and so do I"Never gonna Give You Up
57%
"I'm waking up to ash and dust / I wipe my brow and I sweat my rust"Radioactive
57%
"Yo, his palms are sweaty, knees weak, arms are heavy"Lose yourself
53%
"Hello darkness my old friend, I've come to talk to you again"The Sound of Silence
48%
"Rising up, back on the streets, took my, took my chances"Eye of the Tiger
44%
"Harry Truman, Doris Day, Red China, Johnny Ray"We Didn't Start the Fire
43%
"It's 9 o'clock on a Saturday / The regular shuffles in"Piano Man
36%
"I hear the drums echoing tonight / But she hears only whispers of some quiet conversations"Africa
33%
"A long long time ago, I can still remember when that music used to make me smile"American Pie
31%
"Do You have the time / To listen to me whine"Basket Case
30%
"Jitterbug (x4) / You put the boom-boom into my heart, you send my soul sky high when your loving startsWake Me Up! Before You Go-Go
26%
"Big wheels keep on turning / Carry me home to see my kin"Sweet Home Alabama
21%
"Jenny just hit the wall, she never had it all"1985
20%
"Load up on guns and bring your friends / It's fun to lose and to pretend"Smells like Teen Spirit
20%
"I can't stop this feeling, deep inside of me, girl you just don't realize, what you do to me"Hooked on a Feeling
19%
"Sun is shining in the sky, there ain't a cloud in sight"Mr Blue Sky
19%
"Step one, you say we need to talk he walks, you say sit down its just a talk"How to save a Life
17%
I get knocked down, but I get up again, You're never gonna keep me down"Tubthumping
16%
"Am I more than you bargained for yet, I've dying to tell you anything you want to hear"Sugar We're Going Down
15%
When I was, I young boy, my father, into the city, to see a marching band"Welcome to the Black Parade
15%
Hey! Ho! Let's Go!Blitzkrieg Bop
14%
"Livin' Easy / Livin' Free / Season Ticket on a one way ride"Highway to Hell
12%
"Josie's on a vacation far away / Come around and talk it over"Your love
10%
"What I want you got it might be hard to handle / Like a flame it burns a candle"You Make My Dream
9%
"Well tell me do you think it will be alright, if I can just crash here tonight"Hey Jealousy
6%
"Crazy, but that's how he rolls / Millions of people, live in this world΅Crazy Train
5%
"We're talking away / I don't know what I'm to say"Take on Me
5%
"Keep you in the dark you know they all, Pretend"The Pretender
5%
"When I get high, I get high on speed / Top fuel funny car's a drug for me"Kickstart My Heart
2%
"I'm packed and she holding, she smiling, she living, she golden, she lives for me"Semi Charmed Life
2%
"Today is the greatest day I've ever known / Can't live for tomorrow, tomorrow is much too long."Today
2%
"Show me how to lie you're getting better all the time and turning all against the one is an art that's hard to teach"You're Gonna Go Far Kid
1%

Score Distribution

Percentile by Number Answered

Percent of People with Each Score

Your Score History

You have not taken this quiz